Name a valid country… - Statistics

General Stats
  • This quiz has been taken 41 times
  • The average score is 5 of 15
Answer Stats
Hint Answer % Correct
That banned Youtube Eritrea, Iran, Turkmenistan, China
90%
That has 14 borders Russia, China
90%
Starts with p Peru, Poland, Philippines, Pakistan, Palau, Papua New Guinea, Paraguay, Panama, Portugal
62%
That borders France Luxembourg, Andorra, Suriname, Spain, Belgium, Italy, Switzerland, Germany, Monaco, Brazil
46%
Whose capital first word is their country name and second word is city Guatemala, Panama, Kuwait, Mexico
36%
Ends in stan Kazakhstan, Uzbekistan, Pakistan, Kyrgyzstan, Afghanistan, Turkmenistan, Tajikistan
28%
Whose capital starts with s Yemen, San Marino, Antigua and Barbuda, Costa Rica, Grenada, Bosnia and Herzegovina, Bulgaria, Sao Tome and Principe, North Macedonia, Chile, South Korea, Dominican Republic, Fiji, Kiribati, Sweden
28%
That Kim Jong Un visited North Korea, South Korea, Russia, China, Vietnam, Singapore
26%
That is 4 letters long Chad, Peru, Oman, Cuba, Fiji, Iran, Mali, Iraq, Togo, Laos
23%
In oceania Palau, Nauru, New Zealand, Kiribati, Solomon Islands, Fiji, Papua New Guinea, Vanuatu, Tuvalu, Federated States of Micronesia, Australia, Marshall Islands, Samoa, Tonga
18%
That have land in the north pole Canada, United States, Russia, Iceland, Norway, Sweden, Finland
15%
With more than 50 million spanish speakers Mexico, Colombia
13%
With a z in their name Zambia, Zimbabwe, Belize, Mozambique, New Zealand, Bosnia and Herzegovina, Czech Republic, Brazil, Kazakhstan, Kyrgyzstan, Tanzania
10%
Ending in ria Algeria, Nigeria, Bulgaria, Syria, Austria, Liberia
8%
With a peace index less than 1.5 Iceland, Ireland, Denmark, New Zealand, Austria, Singapore, Portugal, Slovenia, Japan, Switzerland, Canada, Czech Republic, Finland, Croatia, Germany, Netherlands, Bhutan
0%
No matching quizzes found
Score Distribution
Percent of People with Each Score
Percentile by Number Answered
Your Score History
You have not taken this quiz